LEADER 01002nas 22003493a 450 001 996436645503316 005 20230522010532.0 035 $a(DE-599)ZDB2780683-2 035 $a(OCoLC)622228053 035 $a(CKB)2670000000556505 035 $a(CONSER)--2014201635 035 $a(EXLCZ)992670000000556505 100 $a20100519b19381947 --- a 101 0 $aeng 135 $aurbn||||||abp 135 $aurbn||||||ada 181 $ctxt$2rdacontent 182 $cc$2rdamedia 183 $acr$2rdacarrier 200 00$aAmerican Statistical Association bulletin 210 $aWashington, D.C. $cAmerican Statistical Association$d1938- 311 $a2334-3915 517 1 $aASA bulletin 608 $aPeriodicals.$2fast 608 $aPeriodicals.$2lcgft 610 $aStatistics - General 676 $a310 712 02$aAmerican Statistical Association. 906 $aJOURNAL 912 $a996436645503316 996 $aAmerican Statistical Association bulletin$91984227 997 $aUNISA